000 005720000a22001930004500
090 _aAR
_b03324
245 1 0 _aColombian race of Tinamus osgoodi
500 _a<Colección Aves>
650 1 4 _aOrnitología
_993189
650 1 4 _aAves
_992429
650 1 4 _aDistribución geográfica
_992997
651 4 _lRío Aguas Claras
_mAcevedo
_dHuila
_pColombia
_992749
651 4 _mCuzco
_pPerú
_992749
653 _gTinamus
_eTinamus osgoodi
041 0 _aInglés
100 1 _aBlake, Emmet R.
_996969
942 _cARTICULO
773 1 _tFieldiana Zoology
_3499
_h18
_q199-200
_d1953
_g34
999 _c12375
_d12375